00370nam a2200157Ia 4500003000400000005001700004008004100021040000700062041000800069082001300077100001500090245004700105260003700152300000900189650001400198OSt20250814101703.0250729s2005 xx 000 0 und d cAL aeng a370 PANP aMathur S S aA Sociological approach to idian education aAgrabVinod Piustak Mandirc2005 a120p aEducation